| 000 | 00419nam a2200169Ia 4500 | ||
|---|---|---|---|
| 008 | 221030s9999 xx 000 0 und d | ||
| 041 | _aEnglish | ||
| 082 |
_a105.23 _bKha |
||
| 100 | _aG. K. Kharate | ||
| 245 | 0 |
_aElectromagnetic Engineering _cby G. K. Kharate, S. S. Narkhede |
|
| 250 | _a2nd | ||
| 260 |
_bTechnical Pub. _aPune _c2001 |
||
| 300 | _a559 | ||
| 650 | _aEMT | ||
| 700 | _aS. S. Narkhede | ||
| 942 | _cBK | ||
| 999 |
_c8118 _d8118 |
||